000 01418nam a22003857a 4500
003 CHAP
005 20220817044221.0
008 080602s1980 mx a r 00010 spa d
010 _a94873
011 _a95845
020 _a9685828059
035 _a106476
040 _cCHAP
082 0 4 _a128
_bL88
100 0 0 _aLópez Austin, Alfredo.
_967681
245 1 0 _aCuerpo humano e ideología :
_blas concepciones de los antiguos nahuas
_c/por Alfredo López Austin
260 _aMéxico D.F. :
_bUNAM. Instituto de Investigaciones Antropológicas,
_c1980
300 _a2 v. :
_bilus.
490 0 _aSerie antropológica
_v; 39
590 _aBATCH-UPD
_b10
_c20130110
_lUCH01
_h0016
590 _aBATCH-UPD
_b10
_c20130110
_lUCH01
_h1456
590 _aBATCH-UPD
_b10
_c20130409
_lUCH01
_h1955
590 _aBATCH-UPD
_b10
_c20130410
_lUCH01
_h0920
590 _aBATCH-UPD
_b10
_c20130914
_lUCH01
_h1629
590 _aCONVERSION
_b10
_c20130109
_lUCH01
_h1352
650 1 4 _aAntropologia filosofica.
_96143
650 1 4 _aIdeología.
_957294
650 1 4 _aNahuas.
830 0 _aSerie antropológica
_v; 39
_9104597
901 _aBK
942 _cLIBRO
949 _a128 L88
_bBC
_cLIBRO
_d33724002057058
_eLIBRO
_fv.2
_gDonaciØn
_h109548
_i106476
_sb
949 _a128 L88
_bBC
_cLIBRO
_d33724002057090
_eLIBRO
_fv.1
_gDonaciØn
_h109547
_i106476
_so
949 _a128 L88
_bBC
_cLIBRO
_d33724002236231
_eLIBRO
_fv.2 c.2
_gDonaciØn
_h114234
_i106476
_sb
999 _c94873
_d94873